00446nam a2200169Ia 4500003000400000005001700004008004000021020001500061040000700076082001600083100001500099245005600114260004000170300001200210440003400222650002000256OSt20250818112500.0210210b1989 xxu||||| |||| 00| 0 eng d a8170411432 cAL a954.03 BAKS aBakshi S R aStruggle for independenceb: Lala Lajapat Rai Vol 1 aNew DelhibAnmol Publicationsc1989 avi,240p aIndian freedom fighters Vol 1 aLal Lajapat Rai